Gandhi and Marx : (Record no. 126596)
[ view plain ]
| 000 -LEADER | |
|---|---|
| fixed length control field | 00720nam a22002297a 4500 |
| 005 - DATE AND TIME OF LATEST TRANSACTION | |
| control field | 20170124110012.0 |
| 010 ## - LIBRARY OF CONGRESS CONTROL NUMBER | |
| LC control number | 928840 |
| 020 ## - INTERNATIONAL STANDARD BOOK NUMBER | |
| Terms of availability | 00.00 |
| 035 ## - SYSTEM CONTROL NUMBER | |
| System control number | 928840 |
| 037 ## - SOURCE OF ACQUISITION | |
| Source of stock number/acquisition | Cen Lib/Ret |
| 040 ## - CATALOGING SOURCE | |
| Original cataloging agency | DPL |
| Language of cataloging | EN |
| 082 ## - DEWEY DECIMAL CLASSIFICATION NUMBER | |
| Classification number | 170 |
| Item number | SIN |
| 100 ## - MAIN ENTRY--PERSONAL NAME | |
| Personal name | Singh, K. N. |
| 9 (RLIN) | 17942 |
| 245 ## - TITLE STATEMENT | |
| Title | Gandhi and Marx : |
| Statement of responsibility, etc | by K. N. Singh |
| Remainder of title | an ethico-philosophical study / |
| 260 ## - PUBLICATION, DISTRIBUTION, ETC. (IMPRINT) | |
| Place of publication, distribution, etc | Patna |
| Name of publisher, distributor, etc | Associated Book Agency |
| Date of publication, distribution, etc | 1979 |
| 270 ## - ADDRESS | |
| Address | Ashok Rajpath |
| City | Patna |
| Postal code | 800006 |
| 300 ## - PHYSICAL DESCRIPTION | |
| Extent | 176p. |
| Dimensions | 21cm(Hb) |
| 500 ## - GENERAL NOTE | |
| General note | Includes bibliographical reference and index |
| 650 ## - SUBJECT ADDED ENTRY--TOPICAL TERM | |
| Topical term or geographic name as entry element | Gandhi, -- Mahatma, -- 1869-1948 -- Ethics |
| 9 (RLIN) | 17943 |
| 650 ## - SUBJECT ADDED ENTRY--TOPICAL TERM | |
| Topical term or geographic name as entry element | Marx, Karl, -- 1818-1883 -- Ethics |
| 9 (RLIN) | 17944 |
| 942 ## - ADDED ENTRY ELEMENTS (KOHA) | |
| Source of classification or shelving scheme | Dewey Decimal Classification |
| Koha item type | English Books |
| Classification part | 170 |
| Call number suffix | SIN |
| Withdrawn status | Lost status | Damaged status | Not for loan | Home library | Current library | Date acquired | Source of acquisition | Cost, normal purchase price | Total Checkouts | Full call number | Barcode | Date last seen | Copy number | Cost, replacement price | Price effective from | Koha item type | Public note |
|---|---|---|---|---|---|---|---|---|---|---|---|---|---|---|---|---|---|
| Written off | Central Library | Central Library | 25/06/2015 | Cen Lib/Ret | 0.00 | 170 SIN | 928840 | 25/06/2015 | 1 | 0.00 | 25/06/2015 | English Books | Written off on approval by DLB (By Circulation); dtd 15-06-2023 |
